书目信息 |
| 题名: |
无源定位
|
|
| 作者: | 胡来招 著 | |
| 分册: | ||
| 出版信息: | 北京 国防工业出版社 2004.01 |
|
| 页数: | XVI, 235页 | |
| 开本: | 21cm | |
| 丛书名: | ||
| 单 册: | ||
| 中图分类: | TN972 | |
| 科图分类: | ||
| 主题词: | 无源定位 | |
| 电子资源: | ||
| ISBN: | 7-118-03159-3 | |
| 000 | 00743nam0 2200229 450 | |
| 001 | 0142851109 | |
| 005 | 20051014090117.44 | |
| 010 | @a7-118-03159-3@b精装@dCNY23.00 | |
| 100 | @a20050912d2004 km y0chiy0120 ea | |
| 101 | 0 | @achi |
| 102 | @aCN@b110000 | |
| 105 | @aa z 000yy | |
| 200 | 1 | @a无源定位@Awu yuan ding wei@d= Passive locating@f胡来招著@Fhu lai zhao zhu@zeng |
| 210 | @a北京@c国防工业出版社@d2004.01 | |
| 215 | @aXVI, 235页@c图@d21cm | |
| 330 | @a本书共分5章,论述了无源定位的原理,提供了具体的算法,提出并比较了方位测量和时差测量的多种方法。 | |
| 510 | @aPassive locating@zeng | |
| 606 | 0 | @a无源定位 |
| 690 | @aTN972@v4 | |
| 701 | 0 | @a胡来招@Ahu lai zhao@4著 |
| 801 | 0 | @aCN@bQSSK@c20051014 |
| 905 | @a10447@dTN972@eH489 | |
| 无源定位= Passive locating/胡来招著.-北京:国防工业出版社,2004.01 |
| XVI, 235页:图;21cm |
| ←并列题名:Passive locating |
| ISBN 7-118-03159-3(精装):CNY23.00 |
| 本书共分5章,论述了无源定位的原理,提供了具体的算法,提出并比较了方位测量和时差测量的多种方法。 |
| ● |
| 相关链接 |
|
|
|
正题名:无源定位
索取号:TN972/H489
 
预约/预借
| 序号 | 登录号 | 条形码 | 馆藏地/架位号 | 状态 | 备注 |
| 1 | 568828 | 205688282 | 自科库301/301自科库 101排1列5层/ [索取号:TN972/H489] | 在馆 | |
| 2 | 568829 | 205688291 | 自科库301/301自科库 33排3列1层/ [索取号:TN972/H489] | 在馆 | |
| 3 | 568830 | 205688308 | 自科库301/301自科库 101排1列5层/ [索取号:TN972/H489] | 在馆 |